Los sistemas de información y la gerencia de sistemas /

Guardado en:
Detalles Bibliográficos
Autor principal: Vázquez García, Luis Armando (autor)
Formato: Tesis Libro
Idioma:Español
Temas:
Etiquetas: Agrega una etiqueta
Sin etiquetas, Sé el primero en etiquetar este registro!

MARC

LEADER 00000nam^a2200000^a^4500
001 000182371
005 20250521000000.0
009 20260310102004.054
037 |a Acervo ITESO - Biblioteca 
041 |a ESP 
090 |a ISC. 364 
100 |a Vázquez García, Luis Armando  |e (autor) 
245 1 4 |a Los sistemas de información y la gerencia de sistemas /  |c L.A. Vázquez García. 
264 |a Guadalajara, México :  |b edición de autor,  |c 2005 
300 |a 1 disco compacto de computadora 
336 |a datos para computadora  |b cod  |2 rdacontenido 
337 |a computadora  |b c  |2 rdamedio 
338 |a disco de computadora  |b cd  |2 rdasoporte 
502 |a ITESO Reporte Profesional de Licenciatura en Ingeniería en Sistemas Computacionales 
649 |a XX 
650 |a Ingenieros en Informática -  |x Prácticas Profesionales 
650 |a Información -  |x Administración 
650 |a Automatización 
650 |a Sistemas de Información -  |x Administración 
650 |a Sistemas Computacionales -  |x Administración 
650 |a Sistemas de Telecomunicación -  |x Administración 
650 |a Redes de Comunicación 
650 |a Comunicación en Red 
650 |a Informática 
650 |a Tecnologías de Comunicación e Información 
650 |a Proceso Administrativo 
650 |a Administración 
650 |a Ingeniería Computacional 
910 |a Fondo General 
920 |a Electrónicos - Tesis del ITESO en Disco 
905 |a 202 
901 |a 0500122363  |b IT2  |c STS  |u 20250521 
902 |a https://opac.biblio.iteso.mx/vufind/Record/000182371